[Event "IND-ch 59th"]
[Site "New Delhi"]
[Date "2022.12.31"]
[Round "10"]
[White "Arun, Kataria"]
[Black "Karan, JP."]
[Result "1-0"]
[WhiteElo "1913"]
[BlackElo "1741"]
[PlyCount "63"]
[EventDate "2022.12.22"]
[EventType "swiss"]
[EventRounds "13"]
[EventCountry "IND"]
[SourceTitle "CBM 211 Extra"]
[Source "ChessBase"]
[SourceDate "2023.01.31"]
[SourceVersion "1"]
[SourceVersionDate "2023.01.31"]
[SourceQuality "1"]

1. e4 c5 2. Nf3 d6 3. d4 cxd4 4. Nxd4 Nf6 5. Nc3 a6 6. Bg5 e6 7. f4 Be7 8. Qf3 Qc7 9. 0-0-0 Nbd7 10. g4 h6 11. Bxf6 Bxf6 12. h4 Nb6 13. g5 Bxd4 14. Rxd4 Qc5 15. Qd3 hxg5 16. b4 Qc7 17. fxg5 Ke7 18. h5 Bd7 19. Qf3 Rac8 20. Rh3 f6 21. Qg3 Rh7 22. Be2 Rf8 23. Rh1 Rc8 24. Rh3 Rch8 25. h6 Rf8 26. hxg7 Rxg7 27. gxf6+ Kxf6 28. Qh4+ Kf7 29. Rf3+ Ke8 30. Rxf8+ Kxf8 31. Qh8+ Kf7 32. Bh5+ 1-0

[Event "IND-ch 59th"]
[Site "New Delhi"]
[Date "2022.12.25"]
[Round "4"]
[White "Karan, JP."]
[Black "Deepan Chakkravarthy, J."]
[Result "0-1"]
[WhiteElo "1741"]
[BlackElo "2457"]
[PlyCount "76"]
[EventDate "2022.12.22"]
[EventType "swiss"]
[EventRounds "13"]
[EventCountry "IND"]
[SourceTitle "CBM 211 Extra"]
[Source "ChessBase"]
[SourceDate "2023.01.31"]
[SourceVersion "1"]
[SourceVersionDate "2023.01.31"]
[SourceQuality "1"]

1. e4 c5 2. Nc3 Nc6 3. g3 g6 4. Bg2 Bg7 5. d3 d6 6. Be3 Rb8 7. Qd2 b5 8. Nge2 b4 9. Nd1 Nd4 10. 0-0 h5 11. h3 a5 12. c3 bxc3 13. bxc3 Nxe2+ 14. Qxe2 Ba6 15. Qd2 Nf6 16. Re1 0-0 17. d4 Qc7 18. Bh6 cxd4 19. cxd4 Rfc8 20. Bxg7 Kxg7 21. e5 Ng8 22. e6 f6 23. d5 Rb4 24. a3 Rb3 25. Re3 a4 26. Bf1 Bxf1 27. Kxf1 Qc4+ 28. Kg1 Nh6 29. Rxb3 axb3 30. Ne3 Qe4 31. Qb2 Rb8 32. Rd1 Nf5 33. Nxf5+ gxf5 34. Qb1 b2 35. Kh2 Qe2 36. Rg1 Rb3 37. Rg2 Rf3 38. Kg1 Rc3 0-1